Valoración física del futbolista moderno

Saved in:
Bibliografiske detaljer
Hovedforfatter: Pérez Carrillo, Miguel J (Author)
Format: Bog
Sprog:spansk
Udgivet: Barcelona Hispano Europea 1982
Serier:Colección Herakles. Serie técnicas del fútbol
Fag:
Tags: Tilføj Tag
Ingen Tags, Vær først til at tagge denne postø!

MARC

LEADER 00000nam a2200000 a 4500
001 UCW7468
003 CL-VaPUC
008 921217e19820000SP |||||||||||||||||spa|d
082 0 4 |a 796.334  |b PER  |2 21 
100 0 |a Pérez Carrillo, Miguel J  |e author  |9 312620 
245 1 0 |a Valoración física del futbolista moderno 
300 |a 194 p 
942 |c BK 
945 |d 19921217 00:00:00 
260 |a Barcelona  |b Hispano Europea  |c 1982 
650 0 |a Fútbol  |9 307513 
650 7 |a FUTBOL ENTRENAMIENTO  |2 CL-VaPUC  |9 312621 
583 |a last modification  |c 19921217 00:00:00  |k Rodrigo Vera 
490 0 |a Colección Herakles. Serie técnicas del fútbol 
999 |c 220211  |d 220209 
952 |0 0  |1 0  |4 0  |6 796_334000000000000_PER_1982  |7 0  |8 P  |9 212126  |a BIBEDU  |b BIBEDU  |c BIBEDU_PB  |d 2019-11-15  |i 2803828  |o 796.334 PER 1982  |p 2803828  |r 2024-01-25  |w 2019-11-15  |y BK  |k EDU